| Tag |
First Indicator |
Second Indicator |
Subfields |
| LEADER |
00000cam a2200000 a 4500 |
| 001 |
in00000033061 |
| 005 |
20151007055114.0 |
| 008 |
870813s1988 cauaf b s00110 eng |
| 010 |
|
|
|a 87024387
|
| 020 |
|
|
|a 0520057872 (alk. paper)
|
| 035 |
|
|
|a (OCoLC)16685335
|
| 035 |
|
|
|9 AAB7272AM
|
| 040 |
|
|
|a DLC
|c DLC
|d TXA
|d UtOrBLW
|
| 043 |
|
|
|a e-fr---
|
| 049 |
|
|
|a TXAM
|c [A11504446]
|
| 050 |
0 |
0 |
|a PQ2635.O5
|b Z584 1988
|
| 082 |
0 |
|
|a 848/.91209
|2 19
|
| 100 |
1 |
|
|a Fisher, David James.
|
| 245 |
1 |
0 |
|a Romain Rolland and the politics of intellectual engagement /
|c David James Fisher.
|
| 264 |
|
1 |
|a Berkeley :
|b University of California Press,
|c [1988]
|
| 264 |
|
4 |
|c ©1988
|
| 300 |
|
|
|a xiii, 378 pages, 8 unnumbered pages of plates :
|b illustrations ;
|c 24 cm.
|
| 336 |
|
|
|a text
|b txt
|2 rdacontent
|
| 337 |
|
|
|a unmediated
|b n
|2 rdamedia
|
| 338 |
|
|
|a volume
|b nc
|2 rdacarrier
|
| 500 |
|
|
|a Originally presented as the author's thesis (doctoral)--University of Wisconsin-Madison.
|
| 504 |
|
|
|a Bibliography: pages 355-360.
|
| 500 |
|
|
|a Includes index.
|
| 600 |
1 |
0 |
|a Rolland, Romain,
|d 1866-1944
|x Political and social views.
|
| 650 |
|
0 |
|a Politics in literature.
|
| 650 |
|
0 |
|a Politics and literature
|z France.
|
| 651 |
|
0 |
|a France
|x Politics and government
|y 20th century.
|
| 651 |
|
0 |
|a France
|x Intellectual life
|y 20th century.
|
| 999 |
|
|
|a MARS
|
| 999 |
f |
f |
|s a1febffc-af3b-32d5-b9e4-80090412b54b
|i 78508aae-16ea-3428-8450-420f0b0be58d
|t 0
|
| 952 |
f |
f |
|p ric
|a Texas A&M University
|b Rellis Campus
|c Joint Library Facility
|d Remote Storage
|t 0
|e PQ2635.O5 Z584 1988
|h Library of Congress classification
|i unmediated -- volume
|m A14811504446
|
| 998 |
f |
f |
|a PQ2635.O5 Z584 1988
|t 0
|l Remote Storage
|